<?xml version="1.0" encoding="UTF-8"?>
<collection xmlns="http://www.loc.gov/MARC21/slim">
 <record>
  <leader>06252cam a2201033   4500</leader>
  <controlfield tag="001">1625314264</controlfield>
  <controlfield tag="003">DE-627</controlfield>
  <controlfield tag="005">20241103215957.0</controlfield>
  <controlfield tag="007">tu</controlfield>
  <controlfield tag="008">100122s2010    gw |||||      00| ||ger c</controlfield>
  <datafield tag="015" ind1=" " ind2=" ">
   <subfield code="a">10,N01</subfield>
   <subfield code="2">dnb</subfield>
  </datafield>
  <datafield tag="015" ind1=" " ind2=" ">
   <subfield code="a">10,N01</subfield>
   <subfield code="2">dnb</subfield>
  </datafield>
  <datafield tag="016" ind1="7" ind2=" ">
   <subfield code="a">998879029</subfield>
   <subfield code="2">DE-101</subfield>
  </datafield>
  <datafield tag="020" ind1=" " ind2=" ">
   <subfield code="a">9783412204693</subfield>
   <subfield code="c">Gb. : EUR 19.90, ca. EUR 20.50 (AT)</subfield>
   <subfield code="9">978-3-412-20469-3</subfield>
  </datafield>
  <datafield tag="024" ind1="3" ind2=" ">
   <subfield code="a">9783412204693</subfield>
  </datafield>
  <datafield tag="035" ind1=" " ind2=" ">
   <subfield code="a">(DE-627)1625314264</subfield>
  </datafield>
  <datafield tag="035" ind1=" " ind2=" ">
   <subfield code="a">(DE-576)316355704</subfield>
  </datafield>
  <datafield tag="035" ind1=" " ind2=" ">
   <subfield code="a">(DE-599)DNB998879029</subfield>
  </datafield>
  <datafield tag="035" ind1=" " ind2=" ">
   <subfield code="a">(OCoLC)612387621</subfield>
  </datafield>
  <datafield tag="035" ind1=" " ind2=" ">
   <subfield code="a">(OCoLC)845655317</subfield>
  </datafield>
  <datafield tag="035" ind1=" " ind2=" ">
   <subfield code="a">(OCoLC)612387621</subfield>
  </datafield>
  <datafield tag="035" ind1=" " ind2=" ">
   <subfield code="a">(DE-478)952499451</subfield>
  </datafield>
  <datafield tag="040" ind1=" " ind2=" ">
   <subfield code="a">DE-627</subfield>
   <subfield code="b">ger</subfield>
   <subfield code="c">DE-627</subfield>
   <subfield code="e">rakwb</subfield>
  </datafield>
  <datafield tag="041" ind1=" " ind2=" ">
   <subfield code="a">ger</subfield>
  </datafield>
  <datafield tag="044" ind1=" " ind2=" ">
   <subfield code="c">XA-DE-NW</subfield>
   <subfield code="c">XA-AT</subfield>
  </datafield>
  <datafield tag="050" ind1=" " ind2="0">
   <subfield code="a">BX958.F2</subfield>
  </datafield>
  <datafield tag="072" ind1=" " ind2="7">
   <subfield code="a">3KL</subfield>
   <subfield code="2">thema</subfield>
  </datafield>
  <datafield tag="082" ind1="0" ind2=" ">
   <subfield code="a">282.092</subfield>
  </datafield>
  <datafield tag="082" ind1="0" ind2=" ">
   <subfield code="a">930</subfield>
   <subfield code="q">BSZ</subfield>
  </datafield>
  <datafield tag="082" ind1="0" ind2=" ">
   <subfield code="a">230</subfield>
   <subfield code="q">OCLC</subfield>
  </datafield>
  <datafield tag="082" ind1="0" ind2="4">
   <subfield code="a">930</subfield>
   <subfield code="a">230</subfield>
  </datafield>
  <datafield tag="084" ind1=" " ind2=" ">
   <subfield code="a">REL 873 JO</subfield>
   <subfield code="2">sfb</subfield>
  </datafield>
  <datafield tag="084" ind1=" " ind2=" ">
   <subfield code="a">1</subfield>
   <subfield code="2">ssgn</subfield>
  </datafield>
  <datafield tag="084" ind1=" " ind2=" ">
   <subfield code="a">BO 4540</subfield>
   <subfield code="2">rvk</subfield>
   <subfield code="0">(DE-625)rvk/14464:</subfield>
  </datafield>
  <datafield tag="084" ind1=" " ind2=" ">
   <subfield code="a">11.52</subfield>
   <subfield code="2">bkl</subfield>
  </datafield>
  <datafield tag="084" ind1=" " ind2=" ">
   <subfield code="a">11.54</subfield>
   <subfield code="2">bkl</subfield>
  </datafield>
  <datafield tag="084" ind1=" " ind2=" ">
   <subfield code="a">11.50</subfield>
   <subfield code="2">bkl</subfield>
  </datafield>
  <datafield tag="084" ind1=" " ind2=" ">
   <subfield code="a">73.93</subfield>
   <subfield code="2">bkl</subfield>
  </datafield>
  <datafield tag="090" ind1=" " ind2=" ">
   <subfield code="a">a</subfield>
  </datafield>
  <datafield tag="100" ind1="1" ind2=" ">
   <subfield code="a">Kerner, Max</subfield>
   <subfield code="d">1940-</subfield>
   <subfield code="0">(DE-588)121904075</subfield>
   <subfield code="0">(DE-627)081610467</subfield>
   <subfield code="0">(DE-576)161691161</subfield>
   <subfield code="4">aut</subfield>
  </datafield>
  <datafield tag="245" ind1="1" ind2="4">
   <subfield code="a">Die Päpstin Johanna</subfield>
   <subfield code="b">Biographie einer Legende</subfield>
   <subfield code="c">Max Kerner; Klaus Herbers</subfield>
  </datafield>
  <datafield tag="264" ind1=" " ind2="1">
   <subfield code="a">Köln</subfield>
   <subfield code="a">Weimar</subfield>
   <subfield code="a">Wien</subfield>
   <subfield code="b">Böhlau</subfield>
   <subfield code="c">2010</subfield>
  </datafield>
  <datafield tag="300" ind1=" " ind2=" ">
   <subfield code="a">173 S.</subfield>
   <subfield code="b">Ill.</subfield>
  </datafield>
  <datafield tag="336" ind1=" " ind2=" ">
   <subfield code="a">Text</subfield>
   <subfield code="b">txt</subfield>
   <subfield code="2">rdacontent</subfield>
  </datafield>
  <datafield tag="337" ind1=" " ind2=" ">
   <subfield code="a">ohne Hilfsmittel zu benutzen</subfield>
   <subfield code="b">n</subfield>
   <subfield code="2">rdamedia</subfield>
  </datafield>
  <datafield tag="338" ind1=" " ind2=" ">
   <subfield code="a">Band</subfield>
   <subfield code="b">nc</subfield>
   <subfield code="2">rdacarrier</subfield>
  </datafield>
  <datafield tag="500" ind1=" " ind2=" ">
   <subfield code="a">Literaturverz. S. 159 - 168</subfield>
  </datafield>
  <datafield tag="520" ind1=" " ind2=" ">
   <subfield code="a">Gab es eine Päpstin Johanna? Glaubt man der Amerikanerin Donna Cross, deren Roman &quot;Die Päpstin&quot; als Vorlage für den gleichnamigen Kinofilm von Sönke Wortmann diente, hat der Vatikan die zentralen einschlägigen Beweisstücke vernichtet, nach denen es Mitte des 9. Jahrhunderts für kurze Zeit eine Johanna als Päpstin gegeben habe. Die seltsame Geschichte besagt, dass diese nach zweijährigem Pontifikat während einer Prozession in Rom ein Kind zur Welt gebracht habe und danach auf der Stelle gestorben und begraben worden sei. Die Geschichtsforschung sieht dies anders: Die Päpstin Johanna gehört ins Reich der Erfindungen. Klaus Herbers und Max Kerner schildern, wie aus einer im frühmittelalterlichen Rom entstandenen Lokalsage über die Jahrhunderte hinweg ein historischer Bericht geformt wurde. Sie verfolgen die Wirkungsgeschichte der Sage und zeigen anschaulich, wie die fiktive Gestalt im 13. Jahrhundert die weibliche Form des häufigsten Papstnamens Johannes erhielt, welche verschiedenen Gesichter die Päpstin zeigte und wie aus der sündhaften und verruchten Päpstin der spätmittelalterlichen Debatte die geschichtlich entweder behauptete oder geleugnete Frauenfigur des konfessionellen Zeitalters wurde. Das Buch liefert damit einen zentralen Beitrag zur aktuellen Diskussion um eine mittelalterliche Päpstin, in deren Gestalt sich noch heute zahlreiche Sehnsüchte bündeln</subfield>
  </datafield>
  <datafield tag="583" ind1="1" ind2=" ">
   <subfield code="a">Archivierung/Langzeitarchivierung gewährleistet</subfield>
   <subfield code="f">SSG</subfield>
   <subfield code="x">XA-DE-BW</subfield>
   <subfield code="2">pdager</subfield>
   <subfield code="5">DE-21</subfield>
  </datafield>
  <datafield tag="600" ind1="1" ind2="0">
   <subfield code="a">Joan</subfield>
   <subfield code="c">Pope (Legendary character)</subfield>
  </datafield>
  <datafield tag="600" ind1="1" ind2="4">
   <subfield code="a">Johanna &lt;Päpstin&gt;</subfield>
  </datafield>
  <datafield tag="650" ind1=" " ind2="0">
   <subfield code="a">Popes</subfield>
   <subfield code="x">Legends</subfield>
   <subfield code="x">History and criticism</subfield>
  </datafield>
  <datafield tag="650" ind1=" " ind2="4">
   <subfield code="a">Legende</subfield>
  </datafield>
  <datafield tag="689" ind1="0" ind2="0">
   <subfield code="d">p</subfield>
   <subfield code="0">(DE-588)11871242X</subfield>
   <subfield code="0">(DE-627)079494021</subfield>
   <subfield code="0">(DE-576)209326557</subfield>
   <subfield code="a">Johanna</subfield>
   <subfield code="c">Päpstin, Fiktive Gestalt</subfield>
   <subfield code="2">gnd</subfield>
  </datafield>
  <datafield tag="689" ind1="0" ind2="1">
   <subfield code="d">s</subfield>
   <subfield code="0">(DE-588)4035028-9</subfield>
   <subfield code="0">(DE-627)106249738</subfield>
   <subfield code="0">(DE-576)209010355</subfield>
   <subfield code="a">Legende</subfield>
   <subfield code="2">gnd</subfield>
  </datafield>
  <datafield tag="689" ind1="0" ind2="2">
   <subfield code="a">z</subfield>
   <subfield code="2">gnd</subfield>
   <subfield code="a">Geschichte</subfield>
  </datafield>
  <datafield tag="689" ind1="0" ind2=" ">
   <subfield code="5">DE-101</subfield>
  </datafield>
  <datafield tag="689" ind1="1" ind2="0">
   <subfield code="d">p</subfield>
   <subfield code="0">(DE-588)11871242X</subfield>
   <subfield code="0">(DE-627)079494021</subfield>
   <subfield code="0">(DE-576)209326557</subfield>
   <subfield code="a">Johanna</subfield>
   <subfield code="c">Päpstin, Fiktive Gestalt</subfield>
   <subfield code="2">gnd</subfield>
  </datafield>
  <datafield tag="689" ind1="1" ind2="1">
   <subfield code="d">s</subfield>
   <subfield code="0">(DE-588)4035028-9</subfield>
   <subfield code="0">(DE-627)106249738</subfield>
   <subfield code="0">(DE-576)209010355</subfield>
   <subfield code="a">Legende</subfield>
   <subfield code="2">gnd</subfield>
  </datafield>
  <datafield tag="689" ind1="1" ind2="2">
   <subfield code="d">s</subfield>
   <subfield code="0">(DE-588)4049716-1</subfield>
   <subfield code="0">(DE-627)104675152</subfield>
   <subfield code="0">(DE-576)209083182</subfield>
   <subfield code="a">Rezeption</subfield>
   <subfield code="2">gnd</subfield>
  </datafield>
  <datafield tag="689" ind1="1" ind2="3">
   <subfield code="d">s</subfield>
   <subfield code="0">(DE-588)4035964-5</subfield>
   <subfield code="0">(DE-627)106245015</subfield>
   <subfield code="0">(DE-576)209015608</subfield>
   <subfield code="a">Literatur</subfield>
   <subfield code="2">gnd</subfield>
  </datafield>
  <datafield tag="689" ind1="1" ind2=" ">
   <subfield code="5">(DE-627)</subfield>
  </datafield>
  <datafield tag="700" ind1="1" ind2=" ">
   <subfield code="a">Herbers, Klaus</subfield>
   <subfield code="d">1951-</subfield>
   <subfield code="0">(DE-588)120983524</subfield>
   <subfield code="0">(DE-627)081010265</subfield>
   <subfield code="0">(DE-576)161389244</subfield>
   <subfield code="4">oth</subfield>
  </datafield>
  <datafield tag="700" ind1="0" ind2=" ">
   <subfield code="a">Johanna</subfield>
   <subfield code="c">Päpstin, Fiktive Gestalt</subfield>
   <subfield code="0">(DE-588)11871242X</subfield>
   <subfield code="0">(DE-627)079494021</subfield>
   <subfield code="0">(DE-576)209326557</subfield>
   <subfield code="4">oth</subfield>
  </datafield>
  <datafield tag="776" ind1="0" ind2="8">
   <subfield code="i">Erscheint auch als</subfield>
   <subfield code="n">Online-Ausgabe</subfield>
   <subfield code="a">Kerner, Max, 1940 - </subfield>
   <subfield code="t">Die Päpstin Johanna</subfield>
   <subfield code="d">Köln : Böhlau Verlag, 2010</subfield>
   <subfield code="h">1 Online-Ressource (173 Seiten)</subfield>
   <subfield code="w">(DE-627)1693674963</subfield>
   <subfield code="z">9783412212551</subfield>
  </datafield>
  <datafield tag="787" ind1="0" ind2="8">
   <subfield code="i">Rezensiert in</subfield>
   <subfield code="a">Räuschel, Lara Sopie</subfield>
   <subfield code="t">[Rezension von: Max Kerner, Klaus Herbers, Die Päpstin Johanna, Biographie einer Legende]</subfield>
   <subfield code="d">2010</subfield>
   <subfield code="w">(DE-627)1745076387</subfield>
  </datafield>
  <datafield tag="787" ind1="0" ind2="8">
   <subfield code="i">Rezensiert in</subfield>
   <subfield code="a">Osten-Sacken, Vera van der</subfield>
   <subfield code="t">Die Päpstin Johanna. Biographie einer Legende. By Max Kerner and Klaus Herbers. Pp. 176 incl. 52 ills+8 colour plates. Cologne: Böhlau, 2010. €19.90. 978 3 412 20469 3</subfield>
   <subfield code="d">2011</subfield>
   <subfield code="w">(DE-627)1784660493</subfield>
  </datafield>
  <datafield tag="856" ind1="4" ind2="2">
   <subfield code="u">https://swbplus.bsz-bw.de/bsz316355704inh.htm</subfield>
   <subfield code="m">B:DE-576;DE-21</subfield>
   <subfield code="q">application/pdf</subfield>
   <subfield code="v">20100423085137</subfield>
   <subfield code="x">Verlag</subfield>
   <subfield code="3">Inhaltsverzeichnis</subfield>
  </datafield>
  <datafield tag="856" ind1="4" ind2="2">
   <subfield code="u">http://deposit.dnb.de/cgi-bin/dokserv?id=3395542&amp;prov=M&amp;dok_var=1&amp;dok_ext=htm</subfield>
   <subfield code="q">text/html</subfield>
   <subfield code="x">Verlag</subfield>
   <subfield code="3">Inhaltstext</subfield>
  </datafield>
  <datafield tag="856" ind1="4" ind2="2">
   <subfield code="u">http://bvbr.bib-bvb.de:8991/F?func=service&amp;doc_library=BVB01&amp;doc_number=019002770&amp;line_number=0001&amp;func_code=DB_RECORDS&amp;service_type=MEDIA</subfield>
   <subfield code="x">Verlag</subfield>
   <subfield code="z">Inhaltsverzeichnis</subfield>
   <subfield code="3">Volltext</subfield>
  </datafield>
  <datafield tag="889" ind1=" " ind2=" ">
   <subfield code="w">(DE-627)61596141X</subfield>
  </datafield>
  <datafield tag="935" ind1=" " ind2=" ">
   <subfield code="a">mteo</subfield>
  </datafield>
  <datafield tag="935" ind1=" " ind2=" ">
   <subfield code="i">mdedup</subfield>
  </datafield>
  <datafield tag="935" ind1=" " ind2=" ">
   <subfield code="i">sf</subfield>
  </datafield>
  <datafield tag="936" ind1="r" ind2="v">
   <subfield code="a">BO 4540</subfield>
   <subfield code="b">Papsttum und Kaisertum</subfield>
   <subfield code="k">Theologie und Religionswissenschaften</subfield>
   <subfield code="k">Patrologie und Kirchengeschichte</subfield>
   <subfield code="k">Kirchengeschichte nach Perioden</subfield>
   <subfield code="k">Geschichte der Kirche im Mittelalter</subfield>
   <subfield code="k">Darstellungen</subfield>
   <subfield code="k">Ca. 900 - Mitte des 11. Jahrhunderts</subfield>
   <subfield code="k">Papsttum und Kaisertum</subfield>
   <subfield code="0">(DE-627)1270747363</subfield>
   <subfield code="0">(DE-625)rvk/14464:</subfield>
   <subfield code="0">(DE-576)200747363</subfield>
  </datafield>
  <datafield tag="936" ind1="b" ind2="k">
   <subfield code="a">11.52</subfield>
   <subfield code="j">Mittelalterliches Christentum</subfield>
   <subfield code="0">(DE-627)10641965X</subfield>
  </datafield>
  <datafield tag="936" ind1="b" ind2="k">
   <subfield code="a">11.54</subfield>
   <subfield code="j">Katholizismus</subfield>
   <subfield code="0">(DE-627)106402668</subfield>
  </datafield>
  <datafield tag="936" ind1="b" ind2="k">
   <subfield code="a">11.50</subfield>
   <subfield code="j">Kirchengeschichte</subfield>
   <subfield code="j">Dogmengeschichte</subfield>
   <subfield code="0">(DE-627)106403877</subfield>
  </datafield>
  <datafield tag="936" ind1="b" ind2="k">
   <subfield code="a">73.93</subfield>
   <subfield code="j">Immaterielle Kultur</subfield>
   <subfield code="x">Volkskunde</subfield>
   <subfield code="0">(DE-627)181571463</subfield>
  </datafield>
  <datafield tag="951" ind1=" " ind2=" ">
   <subfield code="a">BO</subfield>
  </datafield>
  <datafield tag="990" ind1=" " ind2=" ">
   <subfield code="a">Johanna &lt;Päpstin, Fiktive Gestalt&gt; </subfield>
  </datafield>
  <datafield tag="990" ind1=" " ind2=" ">
   <subfield code="a">Legende</subfield>
  </datafield>
  <datafield tag="990" ind1=" " ind2=" ">
   <subfield code="a">Geschichte</subfield>
  </datafield>
  <datafield tag="990" ind1=" " ind2=" ">
   <subfield code="a">Johanna &lt;Päpstin, Fiktive Gestalt&gt; </subfield>
  </datafield>
  <datafield tag="990" ind1=" " ind2=" ">
   <subfield code="a">Legende</subfield>
  </datafield>
  <datafield tag="990" ind1=" " ind2=" ">
   <subfield code="a">Rezeption</subfield>
  </datafield>
  <datafield tag="990" ind1=" " ind2=" ">
   <subfield code="a">Literatur</subfield>
  </datafield>
  <datafield tag="991" ind1=" " ind2=" ">
   <subfield code="a">Rezensiertes Werk</subfield>
  </datafield>
  <datafield tag="999" ind1=" " ind2=" ">
   <subfield code="a">KXP-PPN1625314264</subfield>
   <subfield code="e">4020879060</subfield>
  </datafield>
 </record>
</collection>
